000 00757nam a2200217Ia 4500
005 20250108125031.0
008 008 250107s9999 xx 000 0 hin d
020 _a978-93-91385-42-2
037 _aTB
040 _aCRL
_bhin
_cCRL
041 _ahin
_2hin
084 _aO152,1N80x R2
084 _qCRL
100 _aआर्य, चन्द्र भानु, ले.
245 0 _aविचारों की रंगोली
_cआर्य, चन्द्र भानु, ले.
260 _aदिल्ली, भारत
_bन्यामती शिक्षा कल्याण समिती
_c3091
300 _a472पृ0
365 _aINR
_b495
942 _cTB
_hO152,1N80x R2
999 _c1235479
_d1235479